Adaptive Behavior Assessment System (Record no. 349799)

000 -LEADER
fixed length control field 00496nam a22001937a 4500
003 - CONTROL NUMBER IDENTIFIER
control field OSt
005 - DATE AND TIME OF LATEST TRANSACTION
control field 20180116183000.0
008 - FIXED-LENGTH DATA ELEMENTS--GENERAL INFORMATION
fixed length control field 141003b xxu||||| |||| 00| 0 eng d
020 ## - INTERNATIONAL STANDARD BOOK NUMBER
International Standard Book Number 0
040 ## - CATALOGING SOURCE
Original cataloging agency 0
Transcribing agency 0
082 ## - DEWEY DECIMAL CLASSIFICATION NUMBER
Classification number 155.24 HAR 2003
100 ## - MAIN ENTRY--PERSONAL NAME
Personal name Patti L. Harrison
245 ## - TITLE STATEMENT
Title Adaptive Behavior Assessment System
Remainder of title Manual
Statement of responsibility, etc. Patti L. Harrison
250 ## - EDITION STATEMENT
Edition statement 2nd Ed.
260 ## - PUBLICATION, DISTRIBUTION, ETC.
Place of publication, distribution, etc. USA
Name of publisher, distributor, etc. WPS
Date of publication, distribution, etc. 2003
300 ## - PHYSICAL DESCRIPTION
Extent 341p.
Other physical details HB
440 ## - SERIES STATEMENT/ADDED ENTRY--TITLE
Title Adaptive Behavior Assessment System
942 ## - ADDED ENTRY ELEMENTS (KOHA)
Source of classification or shelving scheme
Koha item type Book
Holdings
Withdrawn status Lost status Source of classification or shelving scheme Damaged status Not for loan Collection code Permanent Location Current Location Shelving location Date acquired Total Checkouts Full call number Barcode Date last seen Date last checked out Price effective from Koha item type
            Central Library (CL) Central Library (CL) General Stacks 10/03/2014 1 155.24 HAR 2003 NBSPS-130 10/13/2014 10/03/2014 10/03/2014 Book
            Central Library (CL) Central Library (CL) General Stacks 10/03/2014 1 155.24 HAR 2003 NBSPS-131 10/13/2014 10/03/2014 10/03/2014 Book
            Central Library (CL) Central Library (CL) General Stacks 10/03/2014 2 155.24 HAR 2003 NBSPS-132 03/16/2015 03/16/2015 10/03/2014 Book
            Central Library (CL) Central Library (CL) General Stacks 10/03/2014 1 155.24 HAR 2003 NBSPS-133 10/13/2014 10/03/2014 10/03/2014 Book
© 2023 Central Library, National University of Sciences and Technology. All Rights Reserved.